000
00280nam a2200133Ia 4500
100
_a
Microsoft Corporation
942
_c
BK
654
_a
DOS 5.0
245
_a
Ms-Dos Operating system 5.0
260
_b
ICIM.Ltd
_a
Pune
_c
1991
300
_a
668
546
_a
ENGLISH
999
_c
24735
_d
24735